| 000 | 00501nam a22001457a 4500 | ||
|---|---|---|---|
| 008 | 230615b |||||||| |||| 00| 0 eng d | ||
| 040 |
_aNational Science Library _cNational Science Library |
||
| 080 |
_a621.384.634(082.2) _bL1 |
||
| 245 |
_aProceedings of the 5th international Betatron symposium _c/ Institute for Atomic Physics |
||
| 260 |
_aBucharest: _bInstitute for Atomic Physics, _c1971 |
||
| 300 | _aix, 509p. | ||
| 650 | _aNuclear energy | ||
| 653 | _aAtomic physics | ||
| 942 |
_2udc _cPR |
||
| 999 |
_c43807 _d43807 |
||